| 000 | 00393nam a22001457a 4500 | ||
|---|---|---|---|
| 003 | OSt | ||
| 005 | 20160727222453.0 | ||
| 008 | 160705b xxu||||| |||| 00| 0 eng d | ||
| 040 | _cTEST | ||
| 100 |
_92113 _a F. E. Compton & Com. |
||
| 245 | _aCompton's Pictured Encyclopedia | ||
| 260 |
_aChicago _b F.E.Comptons & Com. _c1958 |
||
| 300 | _aCompton's Pictured Encyclopedia | ||
| 942 |
_2ddc _cBK |
||
| 999 |
_c1808 _d1808 |
||